Lyndall Urwick, management pioneer : (Record no. 4359)
[ view plain ]
| 000 -LEADER | |
|---|---|
| fixed length control field | 01414cam a2200325 a 4500 |
| 001 - CONTROL NUMBER | |
| control field | BD-DhSAU 4359 |
| 003 - CONTROL NUMBER IDENTIFIER | |
| control field | BD-DhSAU |
| 005 - DATE AND TIME OF LATEST TRANSACTION | |
| control field | 20150218141846.0 |
| 008 - FIXED-LENGTH DATA ELEMENTS--GENERAL INFORMATION | |
| fixed length control field | 170215s2010 enka ob 001 0 eng d |
| 020 ## - INTERNATIONAL STANDARD BOOK NUMBER | |
| International Standard Book Number | 9780199541966 (alk. paper) |
| 020 ## - INTERNATIONAL STANDARD BOOK NUMBER | |
| International Standard Book Number | 0199541965 (alk. paper) |
| 040 ## - CATALOGING SOURCE | |
| Original cataloging agency | BD-DhSAU |
| 050 00 - LIBRARY OF CONGRESS CALL NUMBER | |
| Classification number | HD69.C6 |
| Item number | B725 2010 |
| 082 ## - DEWEY DECIMAL CLASSIFICATION NUMBER | |
| Classification number | - |
| Item number | - |
| Edition number | 22 |
| 100 1# - MAIN ENTRY--PERSONAL NAME | |
| Personal name | Brech, E. F. L. |
| Fuller form of name | (Edward Franz Leopold) |
| 245 10 - TITLE STATEMENT | |
| Title | Lyndall Urwick, management pioneer : |
| Remainder of title | a biography / |
| Statement of responsibility, etc. | Edward Brech, Andrew Thomson, and John F. Wilson. |
| 260 ## - PUBLICATION, DISTRIBUTION, ETC. (IMPRINT) | |
| Place of publication, distribution, etc. | Oxford ; |
| -- | New York : |
| Name of publisher, distributor, etc. | Oxford University Press, |
| Date of publication, distribution, etc. | 2010. |
| 300 ## - PHYSICAL DESCRIPTION | |
| Extent | xi, 240 p. : |
| Other physical details | ill. ; |
| Dimensions | 25 cm. |
| 500 ## - GENERAL NOTE | |
| General note | Oxford scholarship online Business and Management |
| 504 ## - BIBLIOGRAPHY, ETC. NOTE | |
| Bibliography, etc | Includes bibliographical references (p. [227]-230) and index. |
| 590 ## - Name of Cataloguer | |
| Name of Cataloger | roy |
| 600 10 - SUBJECT ADDED ENTRY--PERSONAL NAME | |
| Personal name | Urwick, Lyndall F. |
| Fuller form of name | (Lyndall Fownes), |
| Dates associated with a name | 1891-1983. |
| 650 #0 - SUBJECT ADDED ENTRY--TOPICAL TERM | |
| Topical term or geographic name as entry element | Business consultants |
| Geographic subdivision | Great Britain |
| Form subdivision | Biography. |
| 650 #0 - SUBJECT ADDED ENTRY--TOPICAL TERM | |
| Topical term or geographic name as entry element | Management |
| Geographic subdivision | Great Britain |
| General subdivision | History |
| Chronological subdivision | 20th century. |
| 700 1# - ADDED ENTRY--PERSONAL NAME | |
| Personal name | Thomson, A. W. J. |
| 700 1# - ADDED ENTRY--PERSONAL NAME | |
| Personal name | Wilson, J. F. |
| 856 ## - ELECTRONIC LOCATION AND ACCESS | |
| Uniform Resource Identifier | <a href="http://www.oxfordscholarship.com/view/10.1093/acprof:oso/9780199541966.001.0001/acprof-9780199541966?rskey=SeriYN&result=46">http://www.oxfordscholarship.com/view/10.1093/acprof:oso/9780199541966.001.0001/acprof-9780199541966?rskey=SeriYN&result=46</a> |
| Link text | Full text through SAU LAN |
| 856 ## - ELECTRONIC LOCATION AND ACCESS | |
| Uniform Resource Identifier | <a href="http://doi.org/10.1093/acprof:oso/9780199541966.001.0001">http://doi.org/10.1093/acprof:oso/9780199541966.001.0001</a> |
| Link text | DOI : Full text through SAU LAN |
| 942 ## - ADDED ENTRY ELEMENTS (KOHA) | |
| Source of classification or shelving scheme | Dewey Decimal Classification |
| Koha item type | Online book |
No items available.
